The old man and the sea (Record no. 10893)

000 -LEADER
fixed length control field 00386 a2200157 4500
020 ## - INTERNATIONAL STANDARD BOOK NUMBER
International Standard Book Number 9780099908401
040 ## - CATALOGING SOURCE
Original cataloging agency DLC
082 ## - DEWEY DECIMAL CLASSIFICATION NUMBER
Classification number 810.52
100 ## - MAIN ENTRY--PERSONAL NAME
Personal name Hemingway, Ernest
245 ## - TITLE STATEMENT
Title The old man and the sea
Statement of responsibility, etc. Ernest Hemingway
260 ## - PUBLICATION, DISTRIBUTION, ETC.
Place of publication, distribution, etc. UK
Name of publisher, distributor, etc. Arrow Books
Date of publication, distribution, etc. 2004
300 ## - PHYSICAL DESCRIPTION
Extent 99 p.
650 ## - SUBJECT ADDED ENTRY--TOPICAL TERM
Topical term or geographic name entry element Older men--Fishers
700 ## - ADDED ENTRY--PERSONAL NAME
Personal name Ernest Hemingway
942 ## - ADDED ENTRY ELEMENTS (KOHA)
Koha item type Book
Call number prefix 813.52 HEM
Source of classification or shelving scheme
Holdings
Withdrawn status Lost status Damaged status Not for loan Collection code Permanent Location Current Location Shelving location Date acquired Source of acquisition Cost, normal purchase price Total Checkouts Total Renewals Full call number Barcode Date last seen Date last checked out Price effective from Koha item type
          Central Library (CL) Central Library (CL) General Stacks 04/20/2012 Global~Link Information Services 741.63 14 8 810.52 HEM SEECS011260 02/13/2026 06/29/2025 01/05/2017 Book
© 2023 Central Library, National University of Sciences and Technology. All Rights Reserved.